01074nam a2200217Ia 4500003000900000008004100009020001800050040001600068080002300084111011100107245028500218260003700503300002300540650003800563650002300601700003200624700003500656942000700691999001700698952014100715IN-BaIIA211028s9999 xx 000 0 eng d a0-7923-4223-2 cIIA Library a52(082.1)bASS-209 aInternational Astronomical Union Colloquium on Eruptive Solar FlarescJohannesburgd1996 Jan. 22-26920989 0aNew extragalactic perspectives in the New South Africabproceedings of the international Conference on "Cold Dust & Galaxy Morphology", held in Johannesburg, South Africa, Jan 22-26, 1996cedited by David L Block and J. Mayo Greenberg  aDordrechtbKluwer Academicc1996 a[various pagings.] aExtragalactic perspectives920990 aPerspective920560 aBlock, David L., ed.920991 aGreenberg, J. Mayo., ed.95546 cBK c12058d12058 00104070aBANbBANcGENd1997-03-18eEDS g2057.70l0o52(082.1)/ ASS-209p12974r2021-11-05v2057.70w1997-03-18yBKGRs. 2057.70